Kraków - linia tramwajowa nr 18 - Statystyki

Ogólne statystyki
  • Ten quiz został rozwiązany 43 razy
  • Średni wynik to 24 z 34
Statystyki odpowiedzi
Hint Odpowiedź % Poprawnych
Pętla Czerwone Maki P+R
100%
18. Teatr Bagatela
85%
14. Wawel
85%
22. (Pętla pośrednia) Dworzec Towarowy
82%
25. (Pętla pośrednia) Krowodrza Górka P+R
82%
13. Stradom
82%
17. Filharmonia
79%
9. Kapelanka
79%
21. Nowy Kleparz
79%
16. Plac Wszystkich Świętych
79%
5. Grota-Roweckiego
76%
2. Kampus UJ
76%
19. Stary Kleparz
76%
15. św. Gertrudy
76%
10. Szwedzka
76%
24. Bratyslawska
73%
Pętla Górka Narodowa P+R
73%
12. Orzeszkowej
73%
23. Szpital Narutowicza
73%
7. Kobierzyńska
70%
20. Pędzichów
70%
3. Ruczaj
70%
26. Pachońskiego P+R
67%
32. Papierni Prądnickich
67%
11. Rondo Grunwaldzkie
67%
6. Lipińskiego
64%
4. Norymberska
64%
8. Słomiana
64%
27. Białoprądnicka
61%
31. Kuźnicy Kołłątajowskiej
61%
30. Bociana
58%
29. Siewna Wiadukt
55%
28. Górnickiego
39%
1. Chmieleniec
33%
Nie znaleziono quizów pasujących do podanych kryteriów
Rozkład punktacji
Procent ludzi z każdym wynikiem
Percentyl według liczby udzielonych odpowiedzi
Twoja historia wyników
Nie rozwiązałeś tego quizu